banner

Medicina interna / (Registro nro. 1132)

000 -LEADER
fixed length control field 01200nam a22002657 4500
003 - CONTROL NUMBER IDENTIFIER
control field AR-BaISA
005 - DATE AND TIME OF LATEST TRANSACTION
control field 20221005095052.0
007 - PHYSICAL DESCRIPTION FIXED FIELD--GENERAL INFORMATION
fixed length control field ta
008 - FIXED-LENGTH DATA ELEMENTS--GENERAL INFORMATION
fixed length control field 221005s2010 sp ad||| |||| 001 0 spa d
020 ## - INTERNATIONAL STANDARD BOOK NUMBER
International Standard Book Number 9788480864718
040 ## - CATALOGING SOURCE
Language of cataloging spa
Transcribing agency AR-BaISA
082 04 - DEWEY DECIMAL CLASSIFICATION NUMBER
Edition number 22
Classification number 616 R819
100 1# - MAIN ENTRY--PERSONAL NAME
9 (RLIN) 870
Personal name Rozman, Ciril
245 10 - TITLE STATEMENT
Title Medicina interna /
Statement of responsibility, etc. C. Rozman
246 13 - VARYING FORM OF TITLE
Title proper/short title Compendio de medicina interna
250 ## - EDITION STATEMENT
Edition statement 4ª ed.
260 ## - PUBLICATION, DISTRIBUTION, ETC.
Place of publication, distribution, etc. Barcelona:
Name of publisher, distributor, etc. Elsevier,
Date of publication, distribution, etc. 2010
300 ## - PHYSICAL DESCRIPTION
Extent XIV, 840 p.:
Other physical details il., gráfs., tablas
490 1# - SERIES STATEMENT
Serie Compendios Elsevier
504 ## - BIBLIOGRAPHY, ETC. NOTE
Bibliography, etc. note Índice analítico p.: 827-840.
505 ## - FORMATTED CONTENTS NOTE
Title Principios de la práctica médica --
-- Enfermedades del aparato digestivo --
-- Cardiología --
-- Angiología --
-- Neumología --
-- Nefrología --
-- Reumatología y enfermedades sistémicas --
-- Oncología médica --
-- Genética médica --
-- Geratría --
-- Dermatología en medicina interna --
-- Neurología --
-- Psiquiatría --
-- Hematología --
-- Metabolismo y nutrición --
-- Endocrinología --
-- Enfermedades infecciosas --
-- Toxicología --
-- Enfermedades por agentes físicos --
-- Inmunología
650 10 - SUBJECT ADDED ENTRY--TOPICAL TERM
9 (RLIN) 1648
Topical term or geographic name entry element Medicina interna
830 ## - SERIES ADDED ENTRY--UNIFORM TITLE
9 (RLIN) 2576
Uniform title Compendios Elsevier
942 ## - ADDED ENTRY ELEMENTS (KOHA)
Source of classification or shelving scheme
Koha item type Libros
Edition 22
Existencias
Withdrawn status Lost status Source of classification or shelving scheme Damaged status Not for loan Permanent Location Current Location Date acquired Inventory number Total Checkouts Full call number Barcode Date last seen Date last checked out Price effective from Koha item type
          Biblioteca ISALUD. Dr. Néstor Rodríguez Campoamor Biblioteca ISALUD. Dr. Néstor Rodríguez Campoamor 2022-10-05 262 1 616 R819 262 2025-11-04 2025-10-21 2022-10-05 Libros